00925nam a22002537a 45000010005000000030006000050050017000110080041000280200018000690400029000870500008001160820011001241000031001352450043001662600038002093000024002474900042002715050007003135200234003205210027005545210018005816500043005996500029006429888FISKH20260312100238.0260312b cb ||||| |||| 00| 0 eng d a9781405907514 aFISKHbengcFISKHdFISKH aPZ7 a823.92 aBaxendale, Trevor eAuthor aClaws of the Macra /cTrevor Baxendale aNew York :bPenguin House ,c2010 a143 pages : c20 cm aDoctor who: decide your destiny :v14 aR  aBook 1 in the brand-new Doctor Who Decide Your Destiny series, basedon the new BBC One series featuring Matt Smith as the Doctor! Danger and adventure await you on a school trip to a gas refinery infestedby giant crustaceans! On 8 a750 bLexile estimate 8 aR bRaz-Plus  aChoose your own adventure vDoctor Who aScience fiction vSeries